000 00562nam a22002057a 4500
003 OSt
005 20210423063407.0
008 210218s1958 ||||| |||| 00| 0 eng d
040 _aeng
_beng
_cDLC
041 _aeng
080 _a821.111
_bS-86
100 _9253
_aStout, Rex
245 _aIf Death Ever Slept
_b: A Nero Wolfe Novel
_c/ by: Viking
260 _aNew York
_bViking
_c1958
300 _a151 p.
365 _b1.25 usd
650 0 _9254
_aEnglish literature
653 _aინგლისური ლიტერატურა
942 _2udc
_cBK
999 _c1531
_d1531